Determinación de los tiempos críticos de liberación de fallas del sistema eléctrico costarricense hasta el año 2020
Salvato in:
| Autore principale: | |
|---|---|
| Altri autori: | |
| Natura: | Libro |
| Pubblicazione: |
[San José, Costa Rica]
2006
|
| Soggetti: | |
| Tags: |
Aggiungi Tag
Nessun Tag, puoi essere il primo ad aggiungerne!!
|
MARC
| LEADER | 00000nam a2200000Ia 4500 | ||
|---|---|---|---|
| 003 | 009802 | ||
| 005 | 20240318112258.0 | ||
| 008 | 140114s2006 cr a 000 ||s d | ||
| 040 | |c cru CEDI | ||
| 100 | |a Lira Sancho, Silvia Elena, 1981- |9 2685 | ||
| 245 | |a Determinación de los tiempos críticos de liberación de fallas del sistema eléctrico costarricense hasta el año 2020 | ||
| 260 | |b [San José, Costa Rica] |c 2006 | ||
| 300 | |a x, 98 hojas; ilustraciones (algunas a color), 2 planos plegables, | ||
| 500 | |a Proyecto de graduación (bachillerato en ingeniería eléctrica)--Universidad de Costa Rica. Facultad de Ingeniería. Escuela de Ingeniería Eléctrica | ||
| 501 | |a Profesor Guía de IE-0502 Proyecto Eléctrico: Ing. José Mario Jara Castro | ||
| 610 | 0 | |a INSTITUTO COSTARRICENSE DE ELECTRICIDAD |9 1007 | |
| 650 | |x SISTEMAS DE ENERGIA ELECTRICA |x TRANSMISION DE POTENCIA |x DISTRIBUCION DE ENERGIA ELECTRICA |x DENSIDAD ELECTRICA |x SUBESTACIONES ELECTRICAS |x COSTA RICA |x ENERGIA ELECTRICA |9 5132 | ||
| 700 | |a Jara Castro, José Mario, 1978- |d Director de Proyecto Eléctrico |9 2350 | ||
| 942 | |c TFG |h TFG 5326 |i 009802 |6 TFG_5326_009802000000000 | ||
| 999 | |c 16951 |d 16951 | ||
